000
00282nam a2200121Ia 4500
008
191201s2013 xx 000 0 und d
100
_a
PANDEY, G.N.
245
0
_a
Environmental Management
260
_a
N. delhi
_b
Vikas pub
_c
2013
300
_a
398
650
_a
BBA
942
_2
ddc
_c
BK
999
_c
6257
_d
6257